[Event "FIDE Chesscom Grand Swiss 2019"]
[Site "Douglas-Isle of Man"]
[Date "2019.10.20"]
[Round "10.25"]
[White "Durarbayli, Vasif"]
[Black "Soumya, Swaminathan"]
[Result "1-0"]
[WhiteElo "2617"]
[BlackElo "2365"]
[Annotator "ChessBase"]
[PlyCount "119"]
[EventDate "2019.10.10"]
[EventType "swiss"]
[EventCountry "GBR"]
[SourceTitle "playchess.com"]
[Source "ChessBase"]
[SourceQuality "1"]
[TimeControl "40/6000+30:20/3000+30:900+30"]

1. e4 {[%emt 0:01:33]} c5 {[%emt 0:00:00]} 2. Nf3 {[%emt 0:00:06]} Nc6 {[%emt 0:00:00]} 3. d4 {[%emt 0:00:08]} cxd4 {[%emt 0:00:00]} 4. Nxd4 {[%emt 0:00:13]} Nf6 {[%emt 0:00:00]} 5. Nc3 {[%emt 0:00:04]} d6 {[%emt 0:00:00]} 6. f3 {[%emt 0:00:27]} e5 {[%emt 0:03:55]} 7. Nb3 {[%emt 0:00:15]} Be7 {[%emt 0:00:31]} 8. Be3 {[%emt 0:00:06]} O-O {[%emt 0:00:51]} 9. Qd2 {[%emt 0:00:05]} a5 {[%emt 0:01:04]} 10. Bb5 {[%emt 0:00:06]} Na7 {[%emt 0:06:31]} 11. Bxa7 {[%emt 0:00:14]} Rxa7 {[%emt 0:00:02]} 12. O-O-O {[%emt 0:00:21]} Qb6 {[%emt 0:13:44]} 13. Qe2 {[%emt 0:06:05]} Be6 {[%emt 0:05:00]} 14. Kb1 {[%emt 0:01:52]} Raa8 {[%emt 0:10:18]} 15. Na4 {[%emt 0:10:43]} Qa7 {[%emt 0:03:03]} 16. Rhe1 {[%emt 0:05:47]} Ne8 {[%emt 0:22:46]} 17. Nc3 {[%emt 0:02:07]} Nc7 {[%emt 0:01:11]} 18. a4 {[%emt 0:00:06]} Nxb5 {[%emt 0:11:10]} 19. Qxb5 {[%emt 0:00:34]} g6 {[%emt 0:19:58]} 20. Nd5 {[%emt 0:02:14]} Bd8 {[%emt 0:00:02]} 21. Nd2 {[%emt 0:02:23]} Rc8 {[%emt 0:01:08]} 22. Qd3 {[%emt 0:02:00]} Qc5 {[%emt 0:01:43]} 23. Nb3 {[%emt 0:01:16]} Qc4 {[%emt 0:00:28]} 24. Nc3 {[%emt 0:00:26]} Rc6 {[%emt 0:04:45]} 25. Qxc4 {[%emt 0:01:41]} Bxc4 {[%emt 0:00:02]} 26. Nb5 {[%emt 0:00:14]} b6 {[%emt 0:03:47]} 27. Nxd6 {[%emt 0:00:41]} Be6 {[%emt 0:00:07]} 28. Nc1 {[%emt 0:01:43]} Be7 {[%emt 0:00:11]} 29. Nb5 {[%emt 0:00:08]} Bb4 {[%emt 0:00:46]} 30. Re3 {[%emt 0:00:48]} f6 {[%emt 0:00:41]} 31. Red3 {[%emt 0:01:19]} Be7 {[%emt 0:00:17]} 32. Rc3 {[%emt 0:00:20]} Rfc8 {[%emt 0:01:10]} 33. Rxc6 {[%emt 0:00:31]} Rxc6 {[%emt 0:00:03]} 34. Ne2 {[%emt 0:00:06]} Kf7 {[%emt 0:00:25]} 35. Nec3 {[%emt 0:00:17]} f5 {[%emt 0:00:56]} 36. b3 {[%emt 0:00:38]} h5 {[%emt 0:00:30]} 37. Nd5 {[%emt 0:00:21]} Bc5 {[%emt 0:00:50]} 38. h3 {[%emt 0:03:01]} h4 {[%emt 0:00:17]} 39. Ndc7 {[%emt 0:00:37]} fxe4 {[%emt 0:00:37]} 40. fxe4 {[%emt 0:00:07]} Ke7 {[%emt 0:00:36]} 41. Nxe6 {[%emt 0:51:28]} Kxe6 {[%emt 0:09:06]} 42. Nc3 {[%emt 0:00:00]} Rc8 {[%emt 0:20:04]} 43. Rf1 {[%emt 0:00:00]} Rf8 {[%emt 0:10:01]} 44. Rxf8 {[%emt 0:00:00]} Bxf8 {[%emt 0:00:02]} 45. Nd5 {[%emt 0:00:00]} Bc5 {[%emt 0:00:11]} 46. Kb2 {[%emt 0:00:00]} Kd6 {[%emt 0:02:03]} 47. Kc3 {[%emt 0:00:00]} g5 {[%emt 0:01:01]} 48. Kc4 {[%emt 0:00:00]} Kc6 {[%emt 0:00:05]} 49. Nf6 {[%emt 0:00:00]} Bf2 {[%emt 0:03:36]} 50. Ng4 {[%emt 0:00:00]} Bg3 {[%emt 0:00:08]} 51. Nh6 {[%emt 0:00:00]} Bh2 {[%emt 0:00:34]} 52. Nf7 {[%emt 0:00:00]} Bf4 {[%emt 0:00:21]} 53. c3 {[%emt 0:00:00]} Bh2 {[%emt 0:01:50]} 54. Nxg5 {[%emt 0:00:00]} Bf4 {[%emt 0:00:25]} 55. Nf3 {[%emt 0:00:00]} Bg3 {[%emt 0:00:03]} 56. b4 {[%emt 0:00:00]} axb4 {[%emt 0:03:58]} 57. cxb4 {[%emt 0:00:00]} Kd6 {[%emt 0:00:53]} 58. Kb5 {[%emt 0:00:00]} Kc7 {[%emt 0:00:09]} 59. Ka6 {[%emt 0:00:00]} Kc6 {[%emt 0:00:19]} 60. b5+ {[%emt 0:00:00] Kd5} 1-0

[Event "FIDE Chesscom Grand Swiss 2019"]
[Site "Douglas-Isle of Man"]
[Date "2019.10.20"]
[Round "10.26"]
[White "Leko, Peter"]
[Black "Jumabayev, Rinat"]
[Result "1-0"]
[WhiteElo "2670"]
[BlackElo "2630"]
[Annotator "TA"]
[PlyCount "73"]
[EventDate "2019.10.10"]
[EventType "swiss"]
[EventCountry "GBR"]
[SourceTitle "playchess.com"]
[Source "ChessBase"]
[SourceQuality "1"]

{[%evp 14,73,29,32,37,32,59,29,29,22,20,16,60,55,64,70,63,76,79,71,93,65,168,158,170,149,183,175,237,171,221,217,222,0,333,331,330,311,273,227,206,220,235,208,208,228,213,219,221,186,368,375,383,325,420,421,440,436,400,396,406,400]} 1. e4 c5 2. Nf3 Nc6 3. d4 cxd4 4. Nxd4 e5 5. Nb5 d6 6. N1c3 a6 7. Na3 Be6 8. Nc4 Rb8 {B32: Sicilian: Löwenthal and Kalashnikov Variations} (8... b5 9. Ne3 Nf6 10. g3 g6 11. Bg2 Bh6 12. O-O O-O 13. Bd2 Rc8 14. Ncd5 Bxd5 15. exd5 Ne7 16. a4 Qb6 17. axb5 axb5 {½-½ (57) Vocaturo,D (2607)-Radjabov,T (2741) Heraklio 2017}) 9. g3 Nf6 10. Ne3 h5 {White has an edge.} 11. Bg2 h4 12. O-O Nd4 $146 ({Predecessor:} 12... g6 13. Ncd5 Bg7 14. c3 Ne7 15. Qa4+ Bd7 16. Nxf6+ Bxf6 {1-0 (42) Benedetti,J (2364)-Lujan,C (2329) Villa Martelli 2018}) 13. Ncd5 Nxd5 14. exd5 Bd7 15. g4 $1 h3 16. Bh1 g6 17. c3 Nf5 (17... Nb5 $14) 18. gxf5 $18 gxf5 {Hoping for ...Rg8+.} 19. Bf3 Qh4 20. Kh1 Bh6 (20... Rc8 $142 21. b3 b5) 21. b3 Bf4 22. Nc4 {And now Ba3 would win.} Ke7 {next ...Rbg8 is good for Black.} 23. Ba3 $2 (23. Qd3 $18) 23... e4 $2 {[%mdl 8192]} (23... Rbg8 $1 $11 {and Black is okay.} 24. Bxd6+ Kd8 25. Bxe5 (25. Nxe5 Rg2 $11) 25... Rg2 26. Bxf4 (26. Bxh8 Rxh2+ 27. Kg1 Qg5+ 28. Bg4 Rg2+ 29. Kh1 Rh2+ 30. Kg1 Rg2+ 31. Kh1 Rh2+ 32. Kg1 $11) 26... Qxf4 27. Bxg2 hxg2+ 28. Kxg2 Rxh2+ 29. Kg1 Rh3 30. Re1 Qh2+ 31. Kf1 Qh1+ 32. Ke2 Qf3+ {[%mdl 64] Double Attack} 33. Kd2 Qxc3+ 34. Ke2 f4 35. Rg1 f3+ 36. Kf1 Rh8 37. Qxf3 Qxf3 38. a4 Rh2 39. Rg8+ Be8 40. Rxe8+ Kxe8 41. Re1+ {[#]} Kf8 $1 {[%mdl 512]} 42. Re8+ {[%mdl 64] Decoy} Kxe8 43. Nd6+ Kd7 $1 {[%mdl 512]} 44. Ke1 Qxf2+ 45. Kd1 Rh1#) 24. Qd4 {aiming for Nxd6!} Qf6 {With the idea ...Qxd4.} 25. Qxf6+ Kxf6 26. Be2 ({Weaker is} 26. Bxd6 Bxd6 27. Nxd6 exf3 $14) (26. Nxd6 exf3 27. Bc5 Rhg8 $11) 26... b5 27. Ne3 ({Don't take} 27. Nxd6 $6 Rb6) ({Don't play} 27. Bxd6 $6 Bxd6 28. Nxd6 Ke7 $14) 27... Rhg8 28. Rg1 Be5 29. Rxg8 Rxg8 30. Rg1 Rb8 31. c4 b4 $2 (31... f4 {is a better defense.}) 32. Bc1 Bd4 33. Rd1 Bc3 34. f4 exf3 35. Bxf3 Re8 36. Nf1 Be5 37. Ng3 {Accuracy: White = 73%, Black = 39%.} 1-0

[Event "FIDE Chesscom Grand Swiss 2019"]
[Site "Douglas-Isle of Man"]
[Date "2019.10.20"]
[Round "10.26"]
[White "Lei, Tingjie"]
[Black "Shankland, Sam"]
[Result "1/2-1/2"]
[WhiteElo "2469"]
[BlackElo "2705"]
[Annotator "TA"]
[PlyCount "88"]
[EventDate "2019.10.10"]
[EventType "swiss"]
[EventCountry "GBR"]
[SourceTitle "playchess.com"]
[Source "ChessBase"]
[SourceQuality "1"]

{[%evp 12,88,30,23,33,15,25,5,27,26,18,0,0,0,0,0,7,0,0,-6,0,0,0,0,0,0,0,-36,-29,-43,-32,-41,-44,-37,-34,-31,0,0,0,-27,-21,-31,-5,-39,-31,-37,0,-39,-21,-31,-29,-27,-27,-33,-35,-43,-13,-16,-5,-14,-20,-12,0,0,0,0,0,0,0,0,0,0,0,0,0,0,0,0,0]} 1. e4 c6 2. d4 d5 3. e5 Bf5 4. Nf3 e6 5. Be2 Nd7 6. O-O h6 7. Nbd2 Ne7 {B12: Caro-Kann: Advance Variation} 8. Re1 (8. Nb3 g5 9. a4 Bg7 10. a5 O-O 11. c3 Qc7 12. h4 g4 13. Ne1 h5 14. Nd3 Ng6 {0-1 (47) Alekseenko,K (2668)-Artemiev,V (2757) Izhevsk 2019}) 8... Bg6 9. Nf1 Nf5 10. Bd3 $146 ({Predecessor:} 10. c3 Be7 11. g4 Nh4 12. Ng3 Nxf3+ 13. Bxf3 O-O 14. Bg2 c5 {½-½ (60) Nguyen,A (2495)-Pelikian,J (2415) Elista 1998}) 10... Be7 11. Ne3 Nxe3 12. Bxe3 Bxd3 13. Qxd3 Qb6 14. a4 a5 {[%cal Ba7a5,Ba5a4][%mdl 32]} 15. c3 Qa6 16. Qc2 b5 17. Nd2 Nb6 18. axb5 cxb5 19. Nb3 a4 $1 20. Nc5 Qc8 21. Qe2 Nc4 22. Nd3 a3 23. bxa3 Rxa3 24. Rxa3 Bxa3 25. Qc2 Be7 26. Qb3 Qc6 27. Nb4 Qa8 28. Nc2 Qc6 29. Nb4 Qb7 30. Nc2 O-O 31. Rb1 Rb8 32. h3 Qc6 33. Bf4 Bd8 34. Na3 {The position is equal.} Ba5 {And now ...Nxa3 would win.} (34... Rb6 {is interesting.} 35. Nc2 Qa8 36. g3 Be7 37. Kg2 Qa4) 35. Nxc4 dxc4 36. Qc2 Bd8 37. Bd2 Be7 38. Qb2 Qe4 39. Re1 Qf5 40. Qa2 Bh4 41. g3 Bg5 42. Bxg5 Qxg5 43. Qa7 Qd8 44. Ra1 Qb6 {Accuracy: White = 54%, Black = 45%.} 1/2-1/2

[Event "FIDE Chesscom Grand Swiss 2019"]
[Site "Douglas-Isle of Man"]
[Date "2019.10.20"]
[Round "10.27"]
[White "Saric, Ivan"]
[Black "Najer, Evgeniy"]
[Result "1/2-1/2"]
[WhiteElo "2667"]
[BlackElo "2635"]
[Annotator "TA"]
[PlyCount "65"]
[EventDate "2019.10.10"]
[EventType "swiss"]
[EventCountry "GBR"]
[SourceTitle "playchess.com"]
[Source "ChessBase"]
[SourceQuality "1"]

{[%evp 16,65,19,13,26,0,9,0,0,0,14,15,31,20,17,0,11,-4,0,0,5,-9,68,65,69,61,90,95,77,89,93,89,113,110,114,0,0,0,0,0,0,0,0,0,0,0,0,0,0,0,0,0]} 1. c4 e5 2. g3 d6 3. Nc3 f5 4. Bg2 Nf6 5. d3 g6 6. e4 fxe4 7. dxe4 Bg7 8. Nge2 O-O 9. O-O Be6 {A21: English Opening: 1...e5 2 Nc3} (9... Nbd7 10. h3 Nc5 11. Be3 Be6 12. b4 Ncd7 13. c5 dxc5 14. bxc5 c6 15. Rb1 Rb8 16. Qa4 a6 17. f4 {½-½ (70) Grischuk,A (2771)-Nakamura,H (2741) Moscow 2010}) 10. Nd5 c6 11. Ne3 Na6 $146 ({Predecessor:} 11... Ng4 12. c5 Nxe3 13. Bxe3 dxc5 14. Bxc5 Qxd1 15. Rfxd1 Re8 16. Nc3 Nd7 17. Be3 {1-0 (54) Bakre,T (2477)-Galmandakh,B (2253) Istanbul 2012}) 12. Nc3 Kh8 13. Qe2 Qe7 14. Rb1 Bg8 15. b4 Nc7 16. Rd1 Ne6 17. Qd3 Nd4 18. Ne2 a5 (18... Qf7 $11 19. Rf1 Nd7) 19. Nxd4 $14 exd4 20. Qxd4 Nd5 21. exd5 Bxd4 22. Rxd4 h5 {Strongly threatening ...axb4.} 23. dxc6 axb4 24. cxb7 Rxa2 {[#]} 25. Rxb4 ({Only move:} 25. Bb2 $1 $16) 25... Rfxf2 $11 {And now ...Qg5! would win.The position is equal.} 26. b8=Q Rxg2+ $1 27. Nxg2 Rxg2+ 28. Kxg2 Qe2+ 29. Kg1 {[#] Intending Bd2 and mate.} Qe1+ 30. Kg2 {White threatens Bd2 and mate.} Qe2+ 31. Kh3 {Threatening mate with Qf8!} Qf1+ 32. Kh4 Qf6+ 33. Kh3 {Accuracy: White = 69%, Black = 64%.} 1/2-1/2

[Event "FIDE Chesscom Grand Swiss 2019"]
[Site "Douglas-Isle of Man"]
[Date "2019.10.20"]
[Round "10.27"]
[White "Atalik, Ekaterina"]
[Black "Demchenko, Anton"]
[Result "0-1"]
[WhiteElo "2464"]
[BlackElo "2655"]
[Annotator "RC"]
[PlyCount "54"]
[EventDate "2019.10.10"]
[EventType "swiss"]
[EventCountry "GBR"]
[SourceTitle "playchess.com"]
[Source "ChessBase"]
[SourceQuality "1"]
[TimeControl "40/6000+30:20/3000+30:900+30"]

1. d4 {[%emt 0:00:00]} Nf6 {[%emt 0:00:00]} 2. c4 {[%emt 0:00:01]} g6 {[%emt 0:00:10]} 3. Nc3 {[%emt 0:00:21]} Bg7 {[%emt 0:00:05]} 4. e4 {[%emt 0:00:18]} O-O {[%emt 0:00:13]} 5. f3 {[%emt 0:02:05]} d6 {[%emt 0:00:33]} 6. Be3 {[%emt 0:00:42]} a6 {[%emt 0:02:04]} 7. Nge2 {[%emt 0:01:22]} Nbd7 {[%emt 0:02:45]} 8. Qd2 {[%emt 0:05:03]} b5 {[%emt 0:01:28]} 9. cxb5 {[%emt 0:01:32]} axb5 {[%emt 0:00:05]} 10. Nxb5 {[%emt 0:01:16]} c6 {[%emt 0:00:08]} 11. Na3 {[%emt 0:05:00]} e5 {[%emt 0:01:12]} 12. Nc3 {[%emt 0:10:42]} d5 {[%emt 0:04:45]} 13. dxe5 {[%emt 0:21:52]} Nxe5 {[%emt 0:01:07]} 14. O-O-O {[%emt 0:18:52]} Be6 {[%emt 0:05:02]} 15. Bd4 {[%emt 0:04:11]} Qb8 {[%emt 0:10:26]} 16. f4 {[%emt 0:05:53]} Ned7 {[%emt 0:00:40]} 17. f5 {[%emt 0:06:17]} gxf5 {[%emt 0:01:09]} 18. exd5 {[%emt 0:00:22]} cxd5 {[%emt 0:00:51]} 19. Bd3 {[%emt 0:03:15]} Ne5 {[%emt 0:02:24]} 20. Nc2 {[%emt 0:11:33]} Ne4 {[%emt 0:03:11]} 21. Qe1 {[%emt 0:02:30]} Rc8 {[%emt 0:04:10]} 22. a3 {[%emt 0:03:28]} Qb3 {[%emt 0:09:48]} 23. Bxe4 {[%emt 0:01:12]} dxe4 {[%emt 0:06:42]} 24. Qg3 {[%emt 0:03:10]} f4 {[%emt 0:00:26]} 25. Qxf4 {[%emt 0:00:42]} Nd3+ {[%emt 0:05:25]} 26. Rxd3 {[%emt 0:00:05]} exd3 {[%emt 0:00:03]} 27. Ne3 {[%emt 0:00:33]} Ra4 {[%emt 0:01:09]} 0-1

[Event "FIDE Chesscom Grand Swiss 2019"]
[Site "Douglas-Isle of Man"]
[Date "2019.10.20"]
[Round "10.28"]
[White "Kuzubov, Yuriy"]
[Black "Fedoseev, Vladimir"]
[Result "1/2-1/2"]
[WhiteElo "2636"]
[BlackElo "2664"]
[Annotator "TA"]
[PlyCount "54"]
[EventDate "2019.10.10"]
[EventType "swiss"]
[EventCountry "GBR"]
[SourceTitle "playchess.com"]
[Source "ChessBase"]
[SourceQuality "1"]

{[%evp 13,54,0,0,0,0,0,0,0,0,0,0,0,0,0,20,0,0,-6,-8,-6,-5,-20,-21,-10,0,-16,0,0,0,0,0,0,0,0,0,0,0,0,0,0,0,0,0]} 1. d4 Nf6 2. Nf3 d5 3. c4 e6 4. Nc3 Be7 5. Bf4 O-O 6. e3 b6 7. cxd5 Nxd5 {The position is equal.} 8. Bg3 {D37: Queen's Gambit Declined: 5 Bf4} (8. Nxd5 Qxd5 9. a3 Ba6 10. Bxa6 Nxa6 11. b4 Bd6 12. Bg3 Nb8 13. Qd3 b5 14. e4 Qb7 15. d5 exd5 {½-½ (44) Caruana,F (2818)-Anand,V (2756) Saint Louis 2019}) 8... c5 9. Bc4 Nxc3 10. bxc3 Bb7 11. O-O Nd7 12. a4 $146 ({Predecessor:} 12. Qe2 Nf6 13. Rac1 Ne4 14. Ne5 cxd4 15. exd4 Rc8 16. f3 Nxg3 17. hxg3 Bd5 18. Bb3 {½-½ (18) Vaculik,J (1981)-Pavlicek,P (1847) Valasska Bystrice 2014}) 12... Nf6 13. Qb3 Bd6 14. Bh4 Rc8 15. Rac1 Qc7 16. Bxf6 gxf6 17. Rfd1 cxd4 18. cxd4 f5 19. Qb2 {Hoping for Bxe6!} Qd7 20. Bb5 Qe7 {[#] And now ...Ba3 would win.} 21. Qe2 Rxc1 (21... Rc7 {is interesting.} 22. Ba6 Bc6 23. Ra1 Bd5 24. g3 Rc3) 22. Rxc1 Rc8 23. Rxc8+ Bxc8 24. Ba6 Bd7 25. Bb5 Bc8 26. Ba6 Bd7 27. Bb5 Bc8 {Accuracy: White = 70%, Black = 67%.} 1/2-1/2

[Event "FIDE Chesscom Grand Swiss 2019"]
[Site "Douglas-Isle of Man"]
[Date "2019.10.20"]
[Round "10.28"]
[White "Bulmaga, Irina"]
[Black "Piorun, Kacper"]
[Result "0-1"]
[WhiteElo "2442"]
[BlackElo "2643"]
[Annotator "ChessBase"]
[PlyCount "84"]
[EventDate "2019.10.10"]
[EventType "swiss"]
[EventCountry "GBR"]
[SourceTitle "playchess.com"]
[Source "ChessBase"]
[SourceQuality "1"]
[TimeControl "40/6000+30:20/3000+30:900+30"]

1. e4 {[%emt 0:00:00]} c6 {[%emt 0:00:00]} 2. Nc3 {[%emt 0:00:00]} d5 {[%emt 0:00:00]} 3. Nf3 {[%emt 0:00:00]} dxe4 {[%emt 0:00:00]} 4. Nxe4 {[%emt 0:00:02]} Nf6 {[%emt 0:00:00]} 5. Qe2 {[%emt 0:01:31]} Bf5 {[%emt 0:00:00]} 6. Nxf6+ {[%emt 0:05:15]} gxf6 {[%emt 0:00:02]} 7. d4 {[%emt 0:02:58]} e6 {[%emt 0:00:08]} 8. g3 {[%emt 0:07:47]} Nd7 {[%emt 0:04:52]} 9. Bg2 {[%emt 0:01:57]} Bg7 {[%emt 0:00:42]} 10. O-O {[%emt 0:07:27]} O-O {[%emt 0:00:05]} 11. Nh4 {[%emt 0:02:58]} Bg6 {[%emt 0:00:04]} 12. c3 {[%emt 0:04:37]} Re8 {[%emt 0:03:24]} 13. f4 {[%emt 0:00:38]} f5 {[%emt 0:00:14]} 14. Be3 {[%emt 0:01:36]} Nf6 {[%emt 0:03:08]} 15. Bf3 {[%emt 0:04:13]} Qc7 {[%emt 0:03:29]} 16. Rac1 {[%emt 0:10:14]} a5 {[%emt 0:01:40]} 17. c4 {[%emt 0:07:27]} a4 {[%emt 0:02:01]} 18. Kg2 {[%emt 0:00:18]} Rad8 {[%emt 0:03:40]} 19. Rfd1 {[%emt 0:04:42]} Qa5 {[%emt 0:06:21]} 20. Bd2 {[%emt 0:06:02]} Qa6 {[%emt 0:01:36]} 21. Be3 {[%emt 0:02:36]} Rd7 {[%emt 0:02:09]} 22. Rc2 {[%emt 0:01:09]} Red8 {[%emt 0:01:11]} 23. Bg1 {[%emt 0:01:44]} Qa5 {[%emt 0:03:42]} 24. Rcd2 {[%emt 0:09:44]} Qb4 {[%emt 0:06:52]} 25. h3 {[%emt 0:01:36]} Ne4 {[%emt 0:12:31]} 26. Bxe4 {[%emt 0:01:06]} fxe4 {[%emt 0:00:03]} 27. Be3 {[%emt 0:06:48]} f5 {[%emt 0:00:52]} 28. Nxg6 {[%emt 0:01:59]} hxg6 {[%emt 0:00:01]} 29. h4 {[%emt 0:00:22]} Kf7 {[%emt 0:03:51]} 30. h5 {[%emt 0:02:56]} b5 {[%emt 0:04:42]} 31. hxg6+ {[%emt 0:01:58]} Kxg6 {[%emt 0:00:02]} 32. Rh1 {[%emt 0:04:16]} Rh8 {[%emt 0:00:06]} 33. cxb5 {[%emt 0:03:46]} Qxb5 {[%emt 0:02:45]} 34. Qd1 {[%emt 0:02:12]} Rxh1 {[%emt 0:00:23]} 35. Kxh1 {[%emt 0:00:22]} Rd8 {[%emt 0:02:26]} 36. Kg1 {[%emt 0:00:12]} Bf6 {[%emt 0:01:22]} 37. g4 {[%emt 0:02:34]} fxg4 {[%emt 0:03:38]} 38. Qxg4+ {[%emt 0:00:01]} Kf7 {[%emt 0:00:08]} 39. Rg2 {[%emt 0:00:57]} Qf5 {[%emt 0:04:27]} 40. Qd1 {[%emt 0:01:51]} Qh3 {[%emt 0:19:39]} 41. Qe1 {[%emt 0:19:05]} Rh8 {[%emt 0:00:42]} 42. Kf1 {[%emt 0:04:41]} Rg8 {[%emt 0:00:16]} 0-1

[Event "FIDE Chesscom Grand Swiss 2019"]
[Site "Douglas-Isle of Man"]
[Date "2019.10.20"]
[Round "10.29"]
[White "Sethuraman, S.P."]
[Black "Shirov, Alexei"]
[Result "1-0"]
[WhiteElo "2624"]
[BlackElo "2664"]
[Annotator "TA"]
[PlyCount "83"]
[EventDate "2019.10.10"]
[EventType "swiss"]
[EventCountry "GBR"]
[SourceTitle "playchess.com"]
[Source "ChessBase"]
[SourceQuality "1"]

{[%evp 13,83,10,10,17,6,6,21,18,30,28,29,22,36,29,50,65,53,41,52,0,17,0,42,28,46,13,20,12,52,43,57,44,136,108,101,97,102,96,86,81,101,79,62,59,211,208,195,208,244,222,277,258,346,347,370,358,384,381,374,375,383,379,385,384,543,539,647,643,601,584,584,581]} 1. e4 e5 2. Nf3 Nf6 3. Nxe5 d6 4. Nf3 Nxe4 5. Nc3 Nxc3 6. dxc3 Be7 7. Be3 Nd7 8. Qd2 {C42: Petroff Defence: 3 Nxe5 and unusual White 3rd moves} Nf6 9. O-O-O O-O 10. Bd3 {The position is equal.} d5 11. Rhe1 Bg4 12. Qe2 $146 ({Predecessor:} 12. Bg5 Ne4 13. Bxe4 dxe4 14. Bxe7 Qxe7 15. Qf4 f5 {½-½ (78) Nepomniachtchi,I (2773)-Wei,Y (2736) Abidjan 2019}) 12... Re8 13. h3 Bh5 14. g4 Bg6 15. Bxg6 hxg6 16. g5 Ne4 17. c4 Bb4 18. Rxd5 Qc8 19. Rh1 c6 20. Rdd1 Qf5 21. Nd4 $1 $36 {[%cal Rd4f5][%mdl 2048] White has good play.} Qe5 22. Qg4 $1 Qc5 (22... Bc5 $14) 23. Nb3 Qf5 24. Rd7 a5 25. Rxb7 Nd6 {[#] Threatens to win with ...Qxg4.} 26. Qxf5 gxf5 27. Rc7 {Strongly threatening c3.} Nxc4 28. Bc5 a4 $2 (28... Re2 $1 $14) 29. Bxb4 $18 axb3 30. a3 ({Don't take} 30. cxb3 $6 Rxa2 31. Re1 Ne5 $16) 30... Re2 31. cxb3 Nxb2 32. Rd7 ({Weaker is} 32. Rxc6 Nd3+ 33. Kb1 Rb2+ 34. Ka1 Rxb3 $17) 32... Rxf2 33. Bd2 Nc4 34. bxc4 Rxa3 {[#] And now ...Ra1+ would win.} 35. Kb2 Rg3 36. h4 f4 37. Kc2 f3 38. Rd3 Kh7 (38... Rfg2 $142 39. Rf1 Rh2) 39. Kc3 {White is clearly winning.} Rfg2 40. Rf1 f2 41. Rxg3 Rxg3+ 42. Kd4 {Accuracy: White = 83%, Black = 44%.} 1-0

[Event "FIDE Chesscom Grand Swiss 2019"]
[Site "Douglas-Isle of Man"]
[Date "2019.10.20"]
[Round "10.29"]
[White "Ushenina, Anna"]
[Black "Bachmann, Axel"]
[Result "0-1"]
[WhiteElo "2431"]
[BlackElo "2629"]
[Annotator "ChessBase"]
[PlyCount "92"]
[EventDate "2019.10.10"]
[EventType "swiss"]
[EventCountry "GBR"]
[SourceTitle "playchess.com"]
[Source "ChessBase"]
[SourceQuality "1"]
[TimeControl "40/6000+30:20/3000+30:900+30"]

1. d4 {[%emt 0:00:00]} Nf6 {[%emt 0:01:09]} 2. c4 {[%emt 0:00:00]} e6 {[%emt 0:00:04]} 3. g3 {[%emt 0:00:05]} Bb4+ {[%emt 0:00:09]} 4. Bd2 {[%emt 0:00:07]} a5 {[%emt 0:00:04]} 5. Bg2 {[%emt 0:00:24]} O-O {[%emt 0:00:41]} 6. Nf3 {[%emt 0:00:14]} d5 {[%emt 0:00:07]} 7. O-O {[%emt 0:00:40]} dxc4 {[%emt 0:00:07]} 8. Qc2 {[%emt 0:00:35]} Bxd2 {[%emt 0:00:26]} 9. Nbxd2 {[%emt 0:08:08]} b5 {[%emt 0:00:50]} 10. a4 {[%emt 0:00:41]} c6 {[%emt 0:00:11]} 11. b3 {[%emt 0:00:36]} cxb3 {[%emt 0:00:26]} 12. Nxb3 {[%emt 0:00:46]} Ba6 {[%emt 0:10:29]} 13. Rfc1 {[%emt 0:29:55]} bxa4 {[%emt 0:03:18]} 14. Rxa4 {[%emt 0:03:37]} Bb5 {[%emt 0:00:08]} 15. Ra3 {[%emt 0:00:10]} Nbd7 {[%emt 0:01:23]} 16. e3 {[%emt 0:03:39]} a4 {[%emt 0:02:30]} 17. Nc5 {[%emt 0:00:30]} Qe7 {[%emt 0:00:37]} 18. Ng5 {[%emt 0:05:25]} Rad8 {[%emt 0:07:13]} 19. Nxd7 {[%emt 0:04:58]} Rxd7 {[%emt 0:00:37]} 20. Qb2 {[%emt 0:00:04]} h6 {[%emt 0:20:57]} 21. Nf3 {[%emt 0:05:55]} Rb7 {[%emt 0:00:50]} 22. Ne5 {[%emt 0:04:19]} Nd5 {[%emt 0:01:35]} 23. Qa1 {[%emt 0:03:49]} Rfb8 {[%emt 0:01:23]} 24. Be4 {[%emt 0:03:35]} Rc7 {[%emt 0:02:26]} 25. Rc5 {[%emt 0:02:00]} Nb4 {[%emt 0:06:23]} 26. Rac3 {[%emt 0:07:26]} Rb6 {[%emt 0:04:00]} 27. Nc4 {[%emt 0:03:18]} Rb8 {[%emt 0:00:33]} 28. Ne5 {[%emt 0:00:13]} Rbc8 {[%emt 0:00:43]} 29. Bh7+ {[%emt 0:21:46]} Kh8 {[%emt 0:01:53]} 30. Bg6 {[%emt 0:00:12]} f6 {[%emt 0:00:23]} 31. Nd3 {[%emt 0:01:28]} Na6 {[%emt 0:02:29]} 32. Rh5 {[%emt 0:00:01]} Kg8 {[%emt 0:00:13]} 33. Nc5 {[%emt 0:00:48]} f5 {[%emt 0:03:17]} 34. Nxa6 {[%emt 0:00:35]} Bxa6 {[%emt 0:00:06]} 35. e4 {[%emt 0:00:47]} c5 {[%emt 0:01:38]} 36. d5 {[%emt 0:00:00]} Qf6 {[%emt 0:00:07]} 37. exf5 {[%emt 0:00:18]} exd5 {[%emt 0:00:07]} 38. Qxa4 {[%emt 0:00:20]} Qxc3 {[%emt 0:01:39]} 39. Qxa6 {[%emt 0:00:01]} Qf6 {[%emt 0:00:36]} 40. Qa2 {[%emt 0:00:03]} c4 {[%emt 0:00:30]} 41. g4 {[%emt 0:50:02]} Qd4 {[%emt 0:51:38]} 42. h3 {[%emt 0:00:40]} c3 {[%emt 0:00:35]} 43. f6 {[%emt 0:00:25]} c2 {[%emt 0:00:09]} 44. f7+ {[%emt 0:02:05]} Rxf7 {[%emt 0:00:53]} 45. Bxf7+ {[%emt 0:00:00]} Kxf7 {[%emt 0:00:00]} 46. Rxd5 {[%emt 0:00:00]} c1=Q+ {[%emt 0:00:00]} 0-1